Peníze

Na minha lista:
Detalhes bibliográficos
Autor principal: Petřivalský, Jiří
Formato: Livro
Idioma:tcheco
Publicado em: Praha Nad zlato 1991
Edição:1. vyd.
Tags: Adicionar Tag
Sem tags, seja o primeiro a adicionar uma tag!

MARC

LEADER 00000nam a2200000 4500
001 c024554
005 20221214101703.1
041 0 |a cze 
044 |a CZ 
245 1 0 |a Peníze  |c Jiří Petřivalský 
250 |a 1. vyd. 
264 1 |a Praha  |b Nad zlato  |c 1991 
300 |a 48 s. 
100 1 |a Petřivalský, Jiří